Paesi più a nord per continente - Statistics

Statistiche generali
  • Questo quiz è stato fatto 388 volte
  • Il punteggio medio è 25 su 29
Statistiche sulle risposte
Continente Latitudine Paese % Corretto
Africa 35°55' N Marocco
99%
Asia 81°51' N Russia
99%
Europa 81°51' N Russia
99%
Nord America 83°06' N Canada
98%
Africa 31°36' N Egitto
98%
Europa 80°49' N Norvegia
98%
Nord America 71°23' N Stati Uniti
98%
Europa 69°04' N Svezia
98%
Africa 37°05' N Algeria
97%
Europa 70°05' N Finlandia
97%
Europa 67°08' N Islanda
97%
Nord America 32°43' N Messico
97%
Africa 37°21' N Tunisia
96%
Asia 52º09' N Mongolia
95%
Asia 53°34' N Cina
94%
Africa 33°10' N Libia
93%
Sud America 15°50' N Colombia
92%
Asia 55°06' N Kazakistan
90%
Sud America 15°40' N Venezuela
90%
Nord America 23°16' N Cuba
85%
Sud America 6°01' N Suriname
83%
Sud America 8°24' N Guyana
74%
Nord America 27°16' N Bahamas
71%
Oceania 10°05' N Stati Federati di Micronesia
69%
Oceania 14°32' N Isole Marshall
65%
Oceania 8°10' N Palau
64%
Asia 45°36' N Uzbekistan
64%
Oceania 2°03' N Kiribati
58%
Oceania 0°30' S Nauru
57%
Nessun quiz corrispondente trovato
Distribuzione punteggi
Percentuale di utenti per punteggio
Percentile per numero di risposta
I tuoi punteggi nel tempo
Non hai fatto questo quiz